zpět

Detail výsledku týmu

Bar 12 opic, Prostějov

Datum a čas kvízu

23 Celkem bodů Celkový počet nahraných bodů na tomto kvízu bez doplňovacích otázek.
6. Pořadí na kvízu Konečné umístění týmu na tomto kvízu.

Zaznamenané odpovědi

# Otázka Odpověď Body Výsledky
1. V minulých dnech byl zveřejněn... 0
2. V severoitalské Pavii byl v mi... 0
3. Která naše televizní stanice o... 1
4. Švýcarská společnost Nestlé pr... 0
5. Slávističtí fotbalisté v 3. př... 1
5. Kolik je vývojových fází dětst... 0
7. Rodičovský příspěvek navazuje... 0
8. Jak se jmenuje značka kojeneck... 1
5. Mezi první zdravotní úkony, kt... 0
10. Na závěr si dovolíme jeden osl... 0